PostGIS in Action: Third Edition /

Salvato in:
Dettagli Bibliografici
Autori principali: Obe, Regina O. (Autore), Hsu, Leo S. (Autore)
Natura: Libro
Lingua:inglese
Pubblicazione: Shelter Island: Manning Publications, 2021
Edizione:3. vyd.
Serie:Database/GIS
Soggetti:
Tags: Aggiungi Tag
Nessun Tag, puoi essere il primo ad aggiungerne!!

MARC

LEADER 00000nam a22000003a 4500
001 0091981
003 SK-STU
005 20211203095347.2
007 ta
008 211203s ----xo-----e------000-0-----d
020 |a 978-1-61729-669-7 
040 |a STU  |b slo 
041 0 |a eng  |h eng 
044 |a xxu 
100 1 |a Obe, Regina O.  |4 aut  |r Z6 
245 1 0 |a PostGIS in Action:  |b Third Edition /  |c aut. Regina O Obe, Leo S Hsu 
250 |a 3. vyd. 
260 |a Shelter Island:  |b Manning Publications,  |c 2021 
300 |a 626 s. 
490 0 |a Database/GIS 
650 0 7 |a PostGIS 
650 0 7 |a reference systems 
650 0 7 |a functions 
650 0 7 |a proximity analysis 
650 0 7 |a raster 
650 0 7 |a web applications 
700 1 |a Hsu, Leo S.  |r Z6  |4 aut 
996 |c V* 53254/O-24414  |l VV3  |s P  |a 0  |w 0091981_0001